Statystyki dla Kraje według najdłuższej rozciągłości w lini prostej

Kliknij tutaj aby rozwiązać quiz!

Ogólne statystyki

  • Ten quiz został rozwiązany 26 razy
    (10 od ostatniego zresetowania)
  • Średni wynik to 16 z 20

Statystyki odpowiedzi

KontynentDługość w linii prostejOdpowiedź% Poprawnych
Ameryka Płd4,6 tys kmChile
100%
Azja4,7 tys kmChiny
100%
Azja3,7 tys kmIndie
100%
Ameryka Płn5,5 tys kmKanada
100%
Europa7,9 tys kmRosja
100%
Ameryka Płn8,8 tys kmUSA
100%
Ameryka Płd3,7 tys kmArgentyna
89%
Oceania4 tys kmAustralia
89%
Ameryka Płd4,4 tys kmBrazylia
89%
Oceania3,7 tys kmKiribati
78%
Ameryka Płn3,3 tys kmMeksyk
78%
Oceania2,8 tys kmMikronezja
78%
Europa2,6 tys kmNorwegia
78%
Oceania2,5 tys kmNowa Zelandia
78%
Europa2,6 tys kmDania
67%
Azja5,3 tys kmIndonezja
67%
Azja3,3 tys kmJaponia
67%
Azja2,9 tys kmKazachstan
67%
Afryka2,9 tys kmRPA
67%
Europa2,5 tys kmHiszpania
56%

Rozkład punktacji

Percentyl według liczby udzielonych odpowiedzi

Procent ludzi z każdym wynikiem

Twoja historia wyników

Nie rozwiązałeś tego quizu od ostatniego zresetowania